|
|
|
|
| LEADER |
00000nam0a2200000 4500 |
| 001 |
40147 |
| 005 |
20231031012211.0 |
| 010 |
|
|
|a 5882760813
|
| 035 |
|
|
|a (RuTPU)RU\TPU\book\41163
|
| 090 |
|
|
|a 40147
|
| 100 |
|
|
|a 20020427d2002 km y0rusy50 ca
|
| 101 |
0 |
|
|a rus
|
| 102 |
|
|
|a RU
|
| 105 |
|
|
|a y a 001zy
|
| 200 |
1 |
|
|a Томская книга - 2001
|e Библиографический указатель
|f Томская государственная областная универсальная научная библиотека им. А. С. Пушкина; Под ред. С. С. Быковой
|
| 210 |
|
|
|a Томск
|d 2002
|
| 215 |
|
|
|a 116 с.
|
| 320 |
|
|
|a Имен.указ.: с. 106-114.
|
| 610 |
1 |
|
|a библиографические указатели
|
| 610 |
1 |
|
|a книги
|
| 610 |
1 |
|
|a печатные книги
|
| 610 |
1 |
|
|a Сибирь
|
| 610 |
1 |
|
|a Томск
|
| 610 |
1 |
|
|a периодические издания
|
| 686 |
|
|
|a Я19:Ч61
|v LBC/SL-A
|2 rubbk
|
| 686 |
|
|
|a Ч611.6(2Р53)
|v LBC/SL-A
|2 rubbk
|
| 686 |
|
|
|a Ч611.68
|v LBC/SL-A
|2 rubbk
|
| 702 |
|
1 |
|a Быкова
|b С. С.
|4 340
|
| 712 |
0 |
2 |
|a Томская областная универсальная научная библиотека им. А. С. Пушкина (ТОУНБ)
|2 stltpush
|3 (RuTPU)RU\TPU\col\1204
|
| 801 |
|
1 |
|a RU
|b 63413507
|c 20020427
|g PSBO
|
| 801 |
|
2 |
|a RU
|b 63413507
|c 20081030
|g PSBO
|
| 942 |
|
|
|c BK
|